| 000 | 02506cam a2200457 a 4500 | ||
|---|---|---|---|
| 001 | chinawakesstrugg00kris | ||
| 003 | CaSfIA | ||
| 005 | 20210117223820.0 | ||
| 007 | cr|||| | ||
| 008 | 950830r19951994nyuab b 001 0 eng c | ||
| 010 | _z 94010609 | ||
| 040 |
_aJRS _cJRS _dCGP _dOCLCQ _dYBM _dOCLCQ _dIQU _dCaSfIA |
||
| 020 | _a0679763937 (pbk.) | ||
| 020 | _a9780679763932 (pbk.) | ||
| 020 | _z0812922522 (alk. paper) | ||
| 020 | _z9780812922523 (alk. paper) | ||
| 035 | _a(OCoLC)33066695 | ||
| 042 | _apcc | ||
| 043 | _aa-cc--- | ||
| 050 | 4 |
_aHC427.92 _b.K75 1995 |
|
| 082 | 0 | 4 |
_a306/.0951 _220 |
| 100 | 1 |
_aKristof, Nicholas D., _d1959- |
|
| 245 | 1 | 0 |
_aChina wakes : _h[electronic resource] _bthe struggle for the soul of a rising power / _cNicholas D. Kristof and Sheryl WuDunn. |
| 250 | _a1st Vintage Books ed. | ||
| 260 |
_aNew York : _bVintage Books, _c1995. |
||
| 300 |
_a507 p. : _bill., maps ; _c21 cm. |
||
| 500 | _a"Portions of this work were originally published in different form in Foreign affairs and The New York times magazine"--T.p. verso. | ||
| 500 | _aOriginally published: New York : Times Books, c1994. | ||
| 504 | _aIncludes bibliographical references (p. [467]-490) and index. | ||
| 505 | 0 | _aFlying pigeon -- What kind of Chinese are you, anyway? -- Ghosts -- Red emperors -- The dynastic cycle -- The good earth -- The rotting state -- Where have all the babies gone? -- Castrating the thinkers -- A room of one's own -- Marching toward money -- The God of wealth -- Blood and iron -- Taming the dragon -- The Taiwan option -- The next dynasty. | |
| 651 | 0 |
_aChina _xEconomic conditions _y1976-2000. |
|
| 651 | 0 |
_aChina _xSocial conditions _y1976-2000. |
|
| 651 | 0 |
_aChina _xPolitics and government _y1976-2002. |
|
| 700 | 1 |
_aWuDunn, Sheryl, _d1959- |
|
| 776 | 0 | 8 |
_iOnline version: _aKristof, Nicholas D., 1959- _tChina wakes. _b1st Vintage Books ed. _dNew York : Vintage Books, 1995 _w(OCoLC)654295034 |
| 856 | 4 | 1 |
_uhttp://www.archive.org/details/chinawakesstrugg00kris _zFree eBook from the Internet Archive |
| 856 | 4 | 2 |
_uhttp://www.openlibrary.org/books/OL7700791M _zAdditional information and access via Open Library |
| 942 | _cEB | ||
| 506 | _fНеобхідна авторизація на https://archive.org/ (створення облікового запису безкоштовно) | ||
| 506 | _fНеобхідна авторизація на https://openlibrary.org/ (створення облікового запису безкоштовно) | ||
| 999 |
_c480518 _d480518 |
||